000 00590 a2200145 4500
003 Nust
005 20170207164750.0
035 _a(SFX)1000000000817064
040 _cNust
100 1 _aSelig, Meg
245 1 0 _aChangepower! (E Book)
_h[Elektronisk resurs]
260 _c2010
500 _aE Book
856 4 0 _uhttp://sfxeu11.hosted.exlibrisgroup.com/sfxkib?url_ver=Z39.88-2004&ctx_ver=Z39.88-2004&ctx_enc=info:ofi/enc:UTF-8&rfr_id=info:sid/sfxit.com:opac_856&url_ctx_fmt=info:ofi/fmt:kev:mtx:ctx&sfx.ignore_date_threshold=1&rft.object_id=1000000000817064&svc_val_fmt=info:ofi/fmt:kev:mtx:sch_svc&
942 _2ddc
_cBK
999 _c210001
_d210001